ARRUPE JESUIT UNIVERSITY

CORONAVIRUS -STOP THE SPREAD - CLEAN,DISINFECT,COVER

Local knowledge (Record no. 131770)

MARC details
000 -LEADER
fixed length control field 00530nam a22001697a 4500
003 - CONTROL NUMBER IDENTIFIER
control field ARRUPE
005 - DATE AND TIME OF LATEST TRANSACTION
control field 20240206110643.0
008 - FIXED-LENGTH DATA ELEMENTS--GENERAL INFORMATION
fixed length control field 240206b |||||||| |||| 00| 0 eng d
040 ## - CATALOGING SOURCE
Transcribing agency AJU
050 ## - LIBRARY OF CONGRESS CALL NUMBER
Classification number GN316.G43 1983
300 ## - PHYSICAL DESCRIPTION
Dimensions 20cm.
100 ## - MAIN ENTRY--PERSONAL NAME
Personal name Geertz, Clifford
9 (RLIN) 9268
245 ## - TITLE STATEMENT
Title Local knowledge
Remainder of title further essays in interpretive anthropology
Statement of responsibility, etc Clifford Geertz
260 ## - PUBLICATION, DISTRIBUTION, ETC. (IMPRINT)
Place of publication, distribution, etc United States of America
Name of publisher, distributor, etc Basic Books
Date of publication, distribution, etc 1983
300 ## - PHYSICAL DESCRIPTION
Extent vi, 244p. ;
650 ## - SUBJECT ADDED ENTRY--TOPICAL TERM
Topical term or geographic name as entry element Ethnology
General subdivision Addresses, essays, lectures
9 (RLIN) 52378
942 ## - ADDED ENTRY ELEMENTS (KOHA)
Source of classification or shelving scheme Library of Congress Classification
Koha item type Monograph ( Printed materials)
Holdings
Withdrawn status Lost status Source of classification or shelving scheme Damaged status Not for loan Collection code Home library Current library Shelving location Date acquired Total Checkouts Full call number Barcode Date last seen Price effective from Koha item type
    Library of Congress Classification     Main Collection ARRUPE LIBRARY ARRUPE LIBRARY Main Collection 06/02/2024   GN316.G43 1983 46700000308 06/02/2024 06/02/2024 Monograph ( Printed materials)

 

Arrupe Library. PO Box MP320 Mt Pleasant, Harare, Zimbabwe
263 242 745411|librarian@aju.ac.zw